| 000 | 00417nam a22001577a 4500 | ||
|---|---|---|---|
| 003 | CEME | ||
| 005 | 20210628203020.0 | ||
| 008 | 210126b xxu||||| |||| 00| 0 eng d | ||
| 040 | _c. | ||
| 082 | _a363.348 AAM | ||
| 100 |
_aAamir Rashid _94560 |
||
| 245 | _aThe worst disaster of pakistan the calamity, agony and revival | ||
| 260 |
_aRAWALPINDI _bISLAMIC PUBLICATIONS _c2005 |
||
| 300 | _a123 P | ||
| 942 |
_cBK _2ddc |
||
| 999 |
_c571832 _d571832 |
||